000 00302nam a22001337a 4500
008 170601b xxu||||| |||| 00| 0 eng d
020 _ai3kpu5xjiu2x8r
041 _aeng
080 _212TH
_a94(7/8)
100 _a17
101 _aSHH
245 _aTHA AMERICAN NATION
_cCARNES,M.C
942 _2udc
_cBK
999 _c15362
_d15362